000
00306nam a22001337a 4500
020
_a
8175156368
082
_a
624.171
_b
PRA/ST
100
_a
Prasad,V.S
_9
634
245
_a
Structural Analysis
250
_a
3 rd
260
_a
New Delhi
_b
Galgotia Publications Pvt.Ltd
_c
2011
300
_a
546
942
_c
BK
999
_c
14392
_d
14392